Natural resource and environmental economics / (Record no. 5538)

MARC details
000 -LEADER
fixed length control field 00674cam a22002172 4500
001 - CONTROL NUMBER
control field 0000001943
005 - DATE AND TIME OF LATEST TRANSACTION
control field 20151217151834.0
008 - FIXED-LENGTH DATA ELEMENTS--GENERAL INFORMATION
fixed length control field 070329s xx 000 0 eng d
020 ## - INTERNATIONAL STANDARD BOOK NUMBER
International Standard Book Number 0582368766 :
040 ## - CATALOGING SOURCE
Original cataloging agency KABU
Transcribing agency KABU
050 #0 - LIBRARY OF CONGRESS CALL NUMBER
Classification number HD75.6
Item number .N38 1999
245 10 - TITLE STATEMENT
Title Natural resource and environmental economics /
Statement of responsibility, etc. Roger Perman ... [et al.]
250 ## - EDITION STATEMENT
Edition statement 2nd ed.
260 ## - PUBLICATION, DISTRIBUTION, ETC. (IMPRINT)
Place of publication, distribution, etc. Harlow, England :
Name of publisher, distributor, etc. Parson Educational,
Date of publication, distribution, etc. 1999.
300 ## - PHYSICAL DESCRIPTION
Extent xxvi, 564 p.
650 #0 - SUBJECT ADDED ENTRY--TOPICAL TERM
Topical term or geographic name as entry element Economic development
General subdivision Environmental aspects.
-- 0000150122
700 1# - ADDED ENTRY--PERSONAL NAME
Personal name Perman, Roger.
-- 0000150137
908 ## - PUT COMMAND PARAMETER (RLIN)
Put command parameter 070329
950 ## - LOCAL HOLDINGS (RLIN)
-- 1
Holdings
Withdrawn status Lost status Source of classification or shelving scheme Not for loan Home library Current library Date acquired Total Checkouts Full call number Barcode Date last seen Date last checked out Price effective from Koha item type
    Library of Congress Classification   Kabarak, Main Campus Kabarak, Main Campus 17/12/2015 2 HD75.6 .N38 1999 000979 02/08/2024 08/03/2016 17/12/2015 General Collection
Designed with assistance from East African Informatics Ltd